[Event "FSGM October"]
[Site "Budapest HUN"]
[Date "2006.10.07"]
[Round "1"]
[White "Rajlich,V"]
[Black "Prohaszka,P2"]
[Result "0-1"]
[WhiteElo "2304"]
[BlackElo "2392"]

1.d4 Nf6 2.c4 e6 3.Nc3 Bb4 4.Qc2 O-O 5.a3 Bxc3+ 6.Qxc3 b5 7.cxb5 c6 8.Bg5 cxb5
9.e3 Bb7 10.Nf3 h6 11.Bh4 a6 12.Bd3 d6 13.Bxf6 Qxf6 14.Qc7 Bxf3 15.gxf3 Qxf3
16.Rg1 Nc6 17.Qxd6 Rad8 18.Qg3 Qxg3 19.Rxg3 e5 20.Be4 Na5 21.dxe5 Nc4 22.b3 Nxe5
23.f4 Nd3+ 24.Ke2 Nc5 25.Bc2 Rfe8 26.f5 f6 27.Rg4 Re7 28.b4 Nb7 29.Bb3+ Kf8
30.Rc1 Rde8 31.Rc3 Re5 32.Be6 Nd6 33.Rc7 g5 34.Rc5 Nc4 35.Rd4 Rxe3+ 36.Kf2 Rxa3
37.Rc7 Ne5 38.Rh7 Rd3 39.Re4 Re7 40.Rh8+ Kg7 41.Rg8+ Kh7 42.Rc8 Kg7 43.h4 Rd6
44.Rg8+ Kh7 45.Rc8 Kg7 46.Rg8+ Kh7 47.Rc8 Rc6 48.Rxc6 Nxc6 49.hxg5 hxg5 50.Re1 Kg7
51.Rd1 Nxb4 52.Rd8 Nc6 53.Rg8+ Kh7 54.Ra8 a5 55.Ke3 a4 56.Ke4 Ra7 57.Rc8 Ne5
58.Rb8 a3 59.Ba2 Nc4 60.Kd5 Ne3+ 61.Ke6 Kg7 62.Rxb5 g4 63.Kd6 g3 64.Rb8 Nxf5+
65.Kc5 Kg6 66.Kb4 g2 67.Bb1 g1=Q  0-1

[Event "Vasylyshyn Mem"]
[Site "Lviv UKR"]
[Date "2006.10.07"]
[Round "1"]
[White "Maiorov,N"]
[Black "Yaremko,N"]
[Result "1-0"]
[WhiteElo "2481"]
[BlackElo "2326"]

1.d4 Nf6 2.c4 e6 3.Nc3 Bb4 4.Qc2 O-O 5.a3 Bxc3+ 6.Qxc3 b6 7.Nf3 Bb7 8.e3 d6
9.Be2 Nbd7 10.O-O Qe7 11.b4 Ne4 12.Qc2 f5 13.Ne1 c5 14.f3 Nef6 15.Nd3 Rfc8
16.dxc5 dxc5 17.Bd2 b5 18.cxb5 cxb4 19.Qb2 bxa3 20.Rxa3 a6 21.bxa6 Bxa6 22.Qa1 Bb7
23.Rxa8 Rxa8 24.Qb2 Ra7 25.Nf4 Nd5 26.Rc1 Nxf4 27.exf4 Nf6 28.Qd4 Ra8 29.Bc4 Bd5
30.Bf1 h6 31.Be3 Kh7 32.Bd3 Ra2 33.Bf1 Qf7 34.Ra1 Rxa1 35.Qxa1 h5 36.Qe1 Qe7
37.Qd2 Bb3 38.Bd4 Nd5 39.Be5 Qc5+ 40.Kh1 Qc2 41.Qxc2 Bxc2 42.Bb5 Bb3 43.Kg1 Ne7
44.Kf2 Ng6 45.Bd6 Kg8 46.Be8 Nh8 47.Be7 Nf7 48.Ke3 Bc4 49.Bd7 Nh6 50.Kd4 Kf7
51.Bg5 Bb3 52.Bxh6 gxh6 53.h4 Ke7 54.Bc6 Ba2 55.Ke5 Bc4 56.Ba4 Ba2 57.Bb5 Bb3
58.Bd3 Ba2 59.Kd4 Bd5 60.Bxf5 Kf6 61.Be4 Bb3 62.Bc6 Kf5 63.Ke3 e5 64.fxe5 Kxe5
65.Be8 Bc4 66.Bxh5 Bf1 67.g3 Bb5 68.f4+ Kf5 69.Bf3 Kf6 70.g4 Bd7 71.Kf2 Bc8
72.Kg3 Bd7 73.Be4 Bc8 74.Bd3 Bd7 75.g5+ hxg5 76.hxg5+ Kg7 77.f5  1-0

[Event "Vasylyshyn Mem"]
[Site "Lviv UKR"]
[Date "2006.10.09"]
[Round "5"]
[White "Zakhartsov,V"]
[Black "Yaremko,N"]
[Result "1-0"]
[WhiteElo "2541"]
[BlackElo "2326"]

1.d4 Nf6 2.c4 e6 3.Nc3 Bb4 4.Qc2 O-O 5.a3 Bxc3+ 6.Qxc3 b6 7.Bg5 Bb7 8.e3 h6
9.Bh4 d6 10.Ne2 Nbd7 11.Qd3 Re8 12.Nc3 e5 13.O-O-O Nf8 14.dxe5 Rxe5 15.f3 Ng6
16.Bf2 Re8 17.e4 Ne5 18.Qc2 Bc6 19.Kb1 a6 20.Rc1 Rb8 21.Nd5 Rb7 22.Bh4 Ned7
23.Nb4 Nb8 24.Nxc6 Nxc6 25.Qa4 Nb8 26.Bxf6 gxf6 27.g3 Qd7 28.Qxd7 Nxd7 29.Bg2 Rbb8
30.Rhd1 Nc5 31.b4 Ne6 32.f4 Red8 33.Rd5 c5 34.Rcd1 Nd4 35.Kb2 Rb7 36.Kc3 Re7
37.bxc5 bxc5 38.Rb1 Rc7 39.e5 fxe5 40.fxe5 Re7 41.Rb6 Rde8 42.a4 a5 43.Rbxd6 Nf5
44.Rxc5 Nxd6 45.exd6 Re3+ 46.Kd4 Re2 47.Bd5 Rd2+ 48.Kc3  1-0

[Event "Vasylyshyn Mem"]
[Site "Lviv UKR"]
[Date "2006.10.12"]
[Round "9"]
[White "Zakhartsov,V"]
[Black "Zherebukh,Y"]
[Result "1-0"]
[WhiteElo "2541"]
[BlackElo "2321"]

1.d4 Nf6 2.c4 e6 3.Nc3 Bb4 4.Qc2 O-O 5.a3 Bxc3+ 6.Qxc3 b6 7.Nf3 d6 8.e3 Nbd7
9.Be2 Bb7 10.O-O Qe7 11.b4 c5 12.Bb2 Rac8 13.dxc5 bxc5 14.b5 d5 15.a4 Nb6
16.Nd2 Rfd8 17.a5 Nxc4 18.Nxc4 dxc4 19.Bxc4 Qd6 20.f3 Qd2 21.e4 Ne8 22.Qxd2 Rxd2
23.Bc3 Rc2 24.Rfc1 Rxc1+ 25.Rxc1 Nd6 26.Be2 c4 27.Rb1 f6 28.a6 Ba8 29.b6 axb6
30.Rxb6 Rc6 31.Rb8+ Rc8 32.a7 Kf7 33.Bb4  1-0

[Event "Vasylyshyn Mem"]
[Site "Lviv UKR"]
[Date "2006.10.13"]
[Round "10"]
[White "Maiorov,N"]
[Black "Kravtsiv,M"]
[Result "0-1"]
[WhiteElo "2481"]
[BlackElo "2446"]

1.d4 Nf6 2.c4 e6 3.Nc3 Bb4 4.Qc2 O-O 5.a3 Bxc3+ 6.Qxc3 b6 7.Nf3 Bb7 8.e3 Ne4
9.Qc2 f5 10.Be2 d6 11.O-O Nd7 12.b4 a5 13.Bb2 Qe7 14.Rad1 axb4 15.axb4 Bc6
16.Ra1 Bb7 17.Rxa8 Rxa8 18.Ra1 Rxa1+ 19.Bxa1 Qd8 20.Qa4 Ndf6 21.h3 Qa8 22.Qxa8+ Bxa8
23.Ne1 Nd7 24.f3 Nef6 25.Nd3 Kf7 26.Bc3 Bb7 27.b5 Ke7 28.Kf2 g6 29.Bd1 Nb8
30.c5 Be4 31.Nb2 Nbd7 32.c6 Nf8 33.g4 g5 34.Bd2 Bb1 35.Bb3 Ng6 36.Ke2 fxg4
37.hxg4 e5 38.dxe5 Nxe5 39.e4 h6 40.Bc3 h5 41.gxh5 Nxh5 42.Ke3 Nf4 43.Bd2 Ng2+
44.Kf2 Nf4 45.Nd1 Bd3 46.Nc3 Neg6 47.Kg3 Kf6 48.Kf2 Ke7 49.Be3 Kf6 50.Bg8 Nh3+
51.Kg3 Nhf4 52.Bd4+ Ke7 53.Kg4 Ne5+ 54.Kxg5 Ne6+ 55.Bxe6 Nxf3+ 56.Kf4 Nxd4
57.Nd5+ Kxe6 58.Nxc7+ Kf7 59.Ke3 Nxb5 60.Nd5 Bc4 61.c7 Na7 62.Nxb6 Be6 63.Kf4 Kf6
64.Na4 Nb5 65.Nb2 Nxc7 66.Nd3 Bc8 67.Ke3 Bb7 68.Kd4 Ne6+ 69.Ke3 Ba6 70.Nb4 Bc4
71.Nc6 Bb5 72.Nb4 Ke5 73.Nc2 Bc4 74.Nb4 Nd4  0-1

[Event "WJun"]
[Site "Yerevan ARM"]
[Date "2006.10.14"]
[Round "11"]
[White "Nasri,A"]
[Black "Ong,Kez"]
[Result "1-0"]
[WhiteElo "2227"]
[BlackElo "2328"]

1.d4 Nf6 2.c4 e6 3.Nc3 Bb4 4.Qc2 O-O 5.e4 d5 6.e5 Ne4 7.a3 Bxc3+ 8.bxc3 c5
9.Bd3 cxd4 10.cxd4 Qa5+ 11.Kf1 f6 12.Bxe4 dxe4 13.exf6 Rxf6 14.Be3 e5 15.d5 b5
16.c5 b4 17.Ne2 Ba6 18.Qb2 Bxe2+ 19.Qxe2 Na6 20.Qc4 bxa3 21.Ke2 Rb8 22.Rhb1 Rxb1
23.Rxb1 a2 24.d6+ Kf8 25.Ra1 Qb4 26.Qxb4 Nxb4 27.Bd2 Nd3 28.Rxa2 Nxc5 29.Rxa7 Ne6
30.Bb4 Kg8 31.d7 h5 32.Ke3 Rf7 33.Ra8+ Kh7 34.d8=Q Nxd8 35.Rxd8 Kg6 36.Bd6 Ra7
37.Bxe5 Kf5 38.Bb2 Rb7 39.Rf8+ Ke6 40.Bd4  1-0

[Event "Vasylyshyn Mem"]
[Site "Lviv UKR"]
[Date "2006.10.15"]
[Round "13"]
[White "Zakhartsov,V"]
[Black "Maiorov,N"]
[Result "1/2-1/2"]
[WhiteElo "2541"]
[BlackElo "2481"]

1.d4 Nf6 2.c4 e6 3.Nc3 Bb4 4.Qc2 O-O 5.a3 Bxc3+ 6.Qxc3 b6 7.Bg5 h6 8.Bh4 c5
9.e3 Bb7 10.dxc5 bxc5 11.f3 d6 12.Bd3 a5 13.Ne2 Nbd7 14.O-O Ra6 15.Rfd1 Qa8  1/2-1/2

[Event "XI WCh-Blind"]
[Site "Goa IND"]
[Date "2006.10.16"]
[Round "7"]
[White "Johansen,KR"]
[Black "Mikhalev,A"]
[Result "1-0"]
[WhiteElo "2069"]
[BlackElo "2242"]

1.c4 e6 2.d4 Nf6 3.Nc3 Bb4 4.Qc2 O-O 5.Nf3 b6 6.e3 Bb7 7.Bd3 d5 8.cxd5 exd5
9.O-O Re8 10.a3 Bf8 11.b4 c6 12.Bb2 Nbd7 13.Rfe1 a5 14.b5 c5 15.dxc5 bxc5
16.a4 Bd6 17.Rad1 Qe7 18.Be2 Nb6 19.Bf1 Qc7 20.h3 d4 21.exd4 Bxf3 22.Rxe8+ Rxe8
23.gxf3 cxd4 24.Rxd4 Be5 25.Rd3 Nfd5 26.Qb3 Nf4 27.Re3 Re6 28.Ne2 Bxb2 29.Nxf4 Rxe3
30.fxe3 Qc3 31.Qxc3 Bxc3 32.Kf2 Nxa4 33.Nd5 Be5 34.b6 Nc5 35.Ne7+ Kf8 36.Nc6 Bd6
37.Nxa5 Ke7 38.Bc4  1-0

[Event "WYB14"]
[Site "Batumi GEO"]
[Date "2006.10.19"]
[Round "1"]
[White "Chung Juen Sen"]
[Black "Bregadze,L"]
[Result "0-1"]
[WhiteElo "1931"]
[BlackElo "2269"]

1.d4 Nf6 2.c4 e6 3.Nc3 Bb4 4.Qc2 O-O 5.a3 Bxc3+ 6.Qxc3 b5 7.cxb5 c6 8.bxc6 Nxc6
9.e3 Bb7 10.b4 Rc8 11.Qb2 d6 12.Nf3 e5 13.Be2 exd4 14.exd4 Ne7 15.O-O Be4
16.Nd2 Bd5 17.Bf3 Qd7 18.Re1 Rc7 19.Ne4 Nxe4 20.Bxe4 Bxe4 21.Rxe4 Nd5 22.Bd2 Rfc8
23.Rae1 Nf6 24.R4e2 Qf5 25.Qb3 h6 26.Qg3 Rc2 27.f3 Qd3 28.Bxh6 Nh5 29.Rxc2 Rxc2
30.Qg4 Qb5 31.Bg5 g6 32.Qe4 Rc8 33.d5 Ng7 34.Bf6 Re8 35.Qb1 Nh5 36.Bd4 Nf4
37.Rxe8+ Qxe8 38.Qd1 Qe2 39.Qf1 Qa2 40.Bxa7 Qxa3 41.Bf2 Qxb4 42.Qe1 Qc4 43.Qe8+ Kg7
44.Qe4 Ne2+  0-1

[Event "14th Chigorin Mem"]
[Site "St-Petersburg RUS"]
[Date "2006.10.25"]
[Round "3"]
[White "Rychagov,A"]
[Black "Anisimov,P"]
[Result "1/2-1/2"]
[WhiteElo "2572"]
[BlackElo "2527"]

1.d4 Nf6 2.c4 e6 3.Nc3 Bb4 4.Qc2 O-O 5.a3 Bxc3+ 6.Qxc3 b6 7.Bg5 Bb7 8.e3 d6
9.f3 Nbd7 10.Nh3 c5 11.Be2 Rc8 12.O-O h6 13.Bh4 d5 14.cxd5 Nxd5 15.Qe1 Qe8
16.Qd2 cxd4 17.Qxd4 Nc5 18.Bc4 Qa4 19.Rac1 Ba6 20.Rfe1 Bxc4 21.Rxc4 Qa6 22.Rc2 Nd3
23.Rxc8 Rxc8 24.Rd1 Nc1 25.Qd2 Qe2 26.Bf2 Rc2 27.Qxe2 Nxe2+ 28.Kf1 Rxb2 29.e4 Ndc3
30.Rd8+ Kh7 31.Rd7 a5 32.Rxf7 Rb1+ 33.Be1 b5 34.Kf2 b4 35.axb4 axb4 36.Rb7 Rb2
37.Ke3 Nd1+ 38.Kd3 Nc1+ 39.Kc4 Rc2+ 40.Kd4 e5+ 41.Kd5 Nd3 42.Bg3 Ne3+ 43.Kd6 Rxg2
44.f4 Nc4+ 45.Kd5 Ne3+ 46.Kd6 Rd2 47.Ke7 exf4 48.Kf8  1/2-1/2

[Event "14th Chigorin Mem B"]
[Site "St-Petersburg RUS"]
[Date "2006.10.29"]
[Round "8"]
[White "Kostyuchenko,V"]
[Black "Abramov,Al"]
[Result "1-0"]
[WhiteElo "2153"]
[BlackElo "2290"]

1.d4 Nf6 2.c4 e6 3.Nc3 Bb4 4.Qc2 O-O 5.a3 Bxc3+ 6.Qxc3 b6 7.Nf3 Bb7 8.e3 Ne4
9.Qc2 d6 10.Be2 Nd7 11.O-O f5 12.b4 Rf6 13.Ne1 Rh6 14.g3 Ng5 15.f3 Qe8 16.h4 Nf7
17.e4 Rg6 18.exf5 exf5 19.Kf2 c5 20.Bd3 cxd4 21.Bxf5 Rf6 22.Bxh7+ Kh8 23.Bf4 Nfe5
24.Be4 Bxe4 25.Qxe4 Rc8 26.Qxd4 Rxc4 27.Qd1 Qe6 28.Rc1 d5 29.Rxc4 dxc4 30.Kg2 Qc6
31.Rf2 Ng6 32.Bg5 Rd6 33.Qc2 Nde5 34.Re2 b5 35.Qf5 Nd3 36.Qf7 Nde5 37.Qf5 Qd7
38.Qxd7 Nxd7 39.Rd2 Re6 40.Kf2 Ngf8 41.Be3 Ra6 42.Nc2 Ne5 43.Rd8 Rf6 44.Bc5 Nd3+
45.Ke3 Re6+ 46.Kd2 Kg8 47.Bxa7 Kf7 48.Bc5 Nxc5 49.bxc5 Rc6 50.Rd5 Ne6 51.Rd7+ Ke8
52.Rd6 Rxd6+ 53.cxd6 Kd7 54.Kc3 Kxd6 55.Nd4 Nxd4 56.Kxd4 Ke6 57.g4 Kf6 58.f4 Ke6
59.h5 Kf6 60.a4 bxa4 61.Kxc4 a3 62.Kb3 Ke6 63.Kxa3 Kd5 64.g5 Ke6 65.Kb4 Kf5
66.Kc4 Kg4 67.h6  1-0

[Event "Open A"]
[Site "Le Touquet FRA"]
[Date "2006.10.31"]
[Round "5"]
[White "Savchenko,S"]
[Black "Epishin,V"]
[Result "1/2-1/2"]
[WhiteElo "2532"]
[BlackElo "2527"]

1.d4 Nf6 2.c4 e6 3.Nc3 Bb4 4.Qc2 O-O 5.a3 Bxc3+ 6.Qxc3 b6 7.Nf3 Bb7 8.e3 c5
9.b4 cxd4 10.Qxd4 Nc6 11.Qd1 Qe7 12.Bb2 Rfd8 13.Be2 d6 14.O-O e5 15.Qb1 Bc8
16.h3 h6 17.Nd2 Be6 18.Rd1 Rac8 19.e4 Qb7 20.Qd3 Ne7 21.Kh2 Ng6 22.g3 Ra8  1/2-1/2

[Event "Petersburg Autumn"]
[Site "St Petersburg RUS"]
[Date "2006.11.03"]
[Round "4"]
[White "Biriukov,O"]
[Black "Urjubdshzirov,E"]
[Result "0-1"]
[WhiteElo "2374"]
[BlackElo "2197"]

1.d4 Nf6 2.c4 e6 3.Nc3 Bb4 4.Qc2 O-O 5.a3 Bxc3+ 6.Qxc3 b6 7.Bg5 Ba6 8.e3 d6
9.Bd3 Nbd7 10.Ne2 h6 11.Bh4 c5 12.b4 Rc8 13.dxc5 bxc5 14.b5 Bb7 15.O-O Qc7
16.Rfd1 d5 17.Bg3 Qb6 18.a4 a5 19.f3 dxc4 20.Bxc4 Nd5 21.Qb3 N7f6 22.e4 Rfd8
23.Bh4 g5 24.Bf2 Nb4 25.Rxd8+ Qxd8 26.Rd1 Qe7 27.Qb2 Nd7 28.Nc3 Ne5 29.Qe2 Qf6
30.Nb1 g4 31.fxg4 Qg6 32.Nd2 Nxg4 33.Nb3 Bxe4 34.Bxc5 Ne5 35.Bxb4 Bf3 36.Qf1 Bxd1
37.Qxd1 Nxc4 38.Bc5 Nb2 39.Qd7 Qb1+ 40.Kf2 Qc2+ 41.Kf1 Qc4+  0-1

[Event "TCh-ROM Divizia A Masculin"]
[Site "Predeal ROM"]
[Date "2006.11.04"]
[Round "1"]
[White "Baciu,S"]
[Black "Raceanu,V"]
[Result "1/2-1/2"]
[WhiteElo "2197"]
[BlackElo "2398"]

1.d4 Nf6 2.c4 e6 3.Nc3 Bb4 4.Qc2 O-O 5.Nf3 c5 6.dxc5 Na6 7.e3 Nxc5 8.Bd2 d6
9.Be2 e5 10.h3 Bd7 11.O-O Rc8 12.Nb5 Bxd2 13.Qxd2 Bxb5 14.cxb5 Qe7 15.Rac1 Rc7
16.Rfd1 Rd8 17.b6 axb6 18.Qb4 Rc6 19.Bb5 Rcc8 20.Qc3 Qe6 21.b4 Nce4 22.Qb2 h6
23.Ba4 Rxc1 24.Rxc1 Rc8 25.Bb3 Qd7 26.Rxc8+ Qxc8 27.Qa3 Qc3 28.Qa8+ Kh7 29.Qxb7 Qb2
30.Qxf7 Qxf2+ 31.Kh2 Qxe3 32.Qe6 Qf4+ 33.Kg1 Nc3 34.Qxd6 Qc1+ 35.Kh2 Qf4+
36.Kh1 Qc1+ 37.Kh2 e4 38.Ng1 Qf1 39.Qe5 Ne2 40.Nxe2 Qxe2 41.Qf5+ Kh8 42.Qc8+ Kh7
43.Qf5+ Kh8 44.Qc8+  1/2-1/2

[Event "OCF Nov FIDE Open"]
[Site "Stillwater USA"]
[Date "2006.11.04"]
[Round "3"]
[White "Braunlich,T"]
[Black "Berry,Ja"]
[Result "1-0"]
[WhiteElo "2191"]
[BlackElo "2100"]

1.d4 Nf6 2.c4 e6 3.Nc3 Bb4 4.Qc2 O-O 5.a3 Bxc3+ 6.Qxc3 Ne4 7.Qc2 f5 8.Nh3 b6
9.f3 Nf6 10.e3 Bb7 11.b4 Nc6 12.Bd3 Qe7 13.O-O Rad8 14.Bb2 d5 15.c5 g6 16.b5 Nb8
17.c6 Bc8 18.a4 Qg7 19.a5 g5 20.axb6 axb6 21.Ra8 g4 22.Nf4 gxf3 23.Rxf3 Kh8
24.Rxb8 Qf7 25.Rh3 Rg8 26.Qf2 Rg7 27.Nxe6 Qxe6 28.Bxf5 Qg8 29.Rg3 Rxg3 30.hxg3 Bxf5
31.Rxd8 Qxd8 32.Qxf5 Ne4 33.Ba3 Kg8 34.Qe6+ Kh8 35.Be7 Qe8 36.Qe5+ Kg8 37.Qxd5+  1-0

[Event "TCh-BEL 2006-7"]
[Site "Belgium BEL"]
[Date "2006.11.05"]
[Round "3"]
[White "Bertrem,S"]
[Black "Cekro,E"]
[Result "1/2-1/2"]
[WhiteElo "2189"]
[BlackElo "2412"]

1.d4 Nf6 2.c4 e6 3.Nc3 Bb4 4.Qc2 O-O 5.a3 Bxc3+ 6.Qxc3 d6 7.Nf3 b6 8.e3 Bb7
9.Be2 Nbd7 10.O-O Ne4 11.Qc2 a5 12.Nd2 f5 13.f3 Nef6 14.b3 Qe7 15.Bd3 g6
16.e4 f4 17.Bb2 e5 18.b4 c5 19.bxc5 bxc5 20.d5 g5 21.g4 fxg3 22.hxg3 Nh5
23.Kg2 Ndf6 24.Be2 Bc8 25.Qd1 Qg7 26.Rf2 g4 27.f4 exf4 28.gxf4 Qh6 29.Bxf6 Nxf4+
30.Rxf4 Qh3+ 31.Kf2 Rxf6 32.Rxf6 Qh4+ 33.Kg2 Qxf6 34.Nf1 h5 35.Rb1 Bd7 36.Qd3 Rf8
37.Qe3 h4 38.Nh2 Qg7 39.Rf1 Rb8 40.Kh1 g3 41.Rg1 Rb2 42.Nf1 Bg4 43.Bf3 a4
44.Qf4 Bxf3+ 45.Qxf3 Qd7 46.Rg2 Rb1 47.Kg1 Qg7 48.Qf5 Qf7 49.Qg5+  1/2-1/2

[Event "TCh-BEL 2006-7"]
[Site "Belgium BEL"]
[Date "2006.11.05"]
[Round "3"]
[White "Van der Stricht,G"]
[Black "Kveinys,A"]
[Result "1/2-1/2"]
[WhiteElo "2414"]
[BlackElo "2540"]

1.d4 Nf6 2.c4 e6 3.Nc3 Bb4 4.Qc2 O-O 5.a3 Bxc3+ 6.Qxc3 b6 7.Bg5 Bb7 8.e3 d6
9.Ne2 Nbd7 10.Qd3 Qe7 11.Nc3 c5 12.d5 Ne5 13.Qc2 exd5 14.cxd5 h6 15.h4 a6
16.Be2 b5 17.Rd1 Rfe8 18.g4 Ng6 19.h5 Nf8 20.Bh4 b4 21.axb4 cxb4 22.Na4 Rac8
23.Qf5 N8h7 24.O-O  1/2-1/2

[Event "VII Rapid"]
[Site "El Sauzal ESP"]
[Date "2006.11.05"]
[Round "8"]
[White "Ramos Aguilar,J"]
[Black "Calvo Nobrega,J"]
[Result "1-0"]
[WhiteElo "2236"]
[BlackElo "1877"]

1.d4 Nf6 2.c4 e6 3.Nc3 Bb4 4.Qc2 O-O 5.a3 Be7 6.e4 d6 7.f4 c5 8.d5 exd5 9.cxd5 Nbd7
10.Nf3 Re8 11.Bd3 a6 12.a4 Qc7 13.b3 Nf8 14.O-O Bg4 15.Nd2 Bd7 16.a5 b5 17.axb6 Qxb6
18.Kh1 Bb5 19.Nc4 Bxc4 20.bxc4 Ng6 21.e5 dxe5 22.Bxg6 hxg6 23.fxe5 Nd7 24.e6 fxe6
25.Qxg6 Bf6 26.Rb1 Qd6 27.Ne4 Qe7 28.Bg5 Rf8 29.Bxf6 Nxf6 30.Ng5 Kh8 31.dxe6 Rad8
32.Rb3  1-0

[Event "TCh-ROM Divizia A Masculin"]
[Site "Predeal ROM"]
[Date "2006.11.05"]
[Round "2"]
[White "Istratescu,A"]
[Black "Baklan,V"]
[Result "1/2-1/2"]
[WhiteElo "2615"]
[BlackElo "2622"]

1.d4 Nf6 2.c4 e6 3.Nc3 Bb4 4.Qc2 O-O 5.Bg5 c5 6.e3 h6 7.Bh4 cxd4 8.exd4 b6
9.Nf3 Bb7 10.Be2 Bxf3 11.Bxf3 Nc6 12.Bxc6 dxc6 13.Rd1 Be7 14.O-O Qc7 15.Qe2 Rad8
16.Rd3 Rfe8 17.Rfd1 Nd5 18.cxd5 Bxh4 19.Qg4 Bg5 20.h4 f5 21.Qh5 Bf6 22.dxe6 Rxe6
23.Qxf5 Qe7 24.g3 Re1+ 25.Rxe1 Qxe1+ 26.Kg2 Bxd4 27.Ne4 c5 28.Rf3 Bxb2 29.Ng5 hxg5
30.Qf7+ Kh8 31.Qh5+  1/2-1/2

[Event "FSGM November"]
[Site "Budapest HUN"]
[Date "2006.11.10"]
[Round "7"]
[White "Rajlich,I"]
[Black "Chernyshov,K"]
[Result "0-1"]
[WhiteElo "2432"]
[BlackElo "2558"]

1.d4 Nf6 2.c4 e6 3.Nc3 Bb4 4.Qc2 O-O 5.Nf3 d6 6.g3 b6 7.Bg2 Bb7 8.O-O Bxc3
9.Qxc3 Nbd7 10.b3 Qe7 11.Bb2 Ne4 12.Qc2 f5 13.Rad1 Ndf6 14.Ne1 Rae8 15.Nd3 c5
16.f3 Ng5 17.Qd2 Nf7 18.dxc5 bxc5 19.a3 e5 20.b4 cxb4 21.Nxb4 Qc7 22.Nd5 Nxd5
23.cxd5 Qb6+ 24.Rf2 Rc8 25.e3 Rc5 26.f4 g6 27.fxe5 dxe5 28.g4 Rd8 29.gxf5 Bxd5
30.Bxd5 Rcxd5 31.Qxd5 Rxd5 32.Rxd5 gxf5 33.Bc1 Kg7 34.Rc2 Kh6 35.Rdc5 Qg6+
36.Rg2 Qd6 37.Rd5 Qc6 38.Rd1 Ng5 39.Kh1 Qf3 40.Re1 Nh3 41.Bd2 Kh5 42.Bb4 Qe4
43.Re2 h6 44.Be1 Qf3 45.Rf2 Nxf2+ 46.Bxf2 a5 47.h3 a4 48.Kh2 Qe2 49.Bg1 Qd3
50.Rf2 Kg6 51.Rg2+ Kf7 52.Rf2 Ke6 53.Rg2 Qxa3  0-1

[Event "Ataturk Festival Open"]
[Site "Adana TUR"]
[Date "2006.11.11"]
[Round "6"]
[White "Mchedlishvili,M"]
[Black "Shanava,K"]
[Result "1-0"]
[WhiteElo "2583"]
[BlackElo "2513"]

1.d4 Nf6 2.c4 e6 3.Nc3 Bb4 4.Qc2 O-O 5.a3 Bxc3+ 6.Qxc3 b6 7.Bg5 Bb7 8.f3 d6
9.Nh3 h6 10.Bh4 Nbd7 11.Nf2 c5 12.dxc5 bxc5 13.Ng4 Re8 14.e4 Rc8 15.Bd3 d5
16.Nxf6+ Nxf6 17.Bxf6 Qxf6 18.Qxf6 gxf6 19.exd5 exd5+ 20.Kd2 Ba6 21.Rhe1 Red8
22.Kc3 Rb8 23.Rad1 d4+ 24.Kc2 Kf8 25.Rb1 Rdc8 26.b3 Rc6 27.Rb2 Bc8 28.b4 cxb4
29.Rxb4 Rbb6 30.Re4 Ra6 31.Kb2 Be6 32.Rxd4 Ra5 33.Be4 Rcc5 34.Kb3 f5 35.Bd3 Ra6
36.f4 Rca5 37.a4 Ke7 38.Ka3 Rc6 39.Rb5 Raa6 40.Rb7+ Kf6 41.c5 Ra5 42.Bb5 Rxc5
43.Kb4 Rcxb5+ 44.Rxb5  1-0

[Event "RGSU Masters"]
[Site "Moscow RUS"]
[Date "2006.11.18"]
[Round "13"]
[White "Tonoian,A"]
[Black "Mozharov,M"]
[Result "0-1"]
[WhiteElo "2400"]
[BlackElo "2418"]

1.d4 Nf6 2.c4 e6 3.Nc3 Bb4 4.Qc2 O-O 5.a3 Bxc3+ 6.Qxc3 b6 7.Bg5 Bb7 8.e3 d6
9.Ne2 Nbd7 10.Qd3 Ba6 11.Nc3 d5 12.Qc2 Bxc4 13.Bxc4 dxc4 14.Qa4 h6 15.Bh4 Qe7
16.Rd1 c5 17.O-O cxd4 18.Rxd4 Rfc8 19.Nb5 e5 20.Rxc4 Nc5 21.Bxf6 Qxf6 22.Qc2 a6
23.Nd4 Rd8 24.Nf3 Qe6 25.b4 Nd3 26.Rc6 Rd6 27.Rxd6 Qxd6 28.Rd1 e4 29.Ne1 Nxe1
30.Rxe1 Qe6 31.Rc1 a5 32.bxa5 Rxa5 33.Qc8+ Qxc8 34.Rxc8+ Kh7 35.Rc3 Rb5 36.Kf1 Rb1+
37.Ke2 Rb2+ 38.Ke1 Rb1+ 39.Ke2 Rb2+ 40.Ke1 Kg6 41.a4 f5 42.Ra3 h5 43.Rb3 Rxb3  0-1

[Event "19th Belgrade Trophy"]
[Site "Belgrade SRB"]
[Date "2006.11.24"]
[Round "3"]
[White "Rajcevic,S"]
[Black "Vratonjic,S"]
[Result "1/2-1/2"]
[WhiteElo "2101"]
[BlackElo "2467"]

1.d4 Nf6 2.c4 e6 3.Nc3 Bb4 4.Qc2 O-O 5.a3 Bxc3+ 6.Qxc3 b6 7.Bg5 d6 8.e3 h6
9.Bh4 Ba6 10.Qc2 Nbd7 11.Ne2 d5 12.cxd5 exd5 13.Qc6 Re8 14.Rc1 Bc4 15.Nc3 Re6
16.Qa4 Bxf1 17.Kxf1 Nf8 18.Qd1 Ng6 19.Bxf6 Rxf6 20.g3 Ne7 21.Kg2 c5 22.Ne2 c4
23.Re1 b5 24.Nc3 Rb8 25.b4 cxb3 26.Qxb3 Rc6 27.Nxd5 Rxc1 28.Nxe7+ Qxe7 29.Rxc1 a5
30.Qd5 Qxa3 31.Rc7 Qf8 32.Ra7 a4 33.e4 Qe8 34.e5 b4 35.e6 Qxe6 36.Qxe6 fxe6
37.Rxa4 b3 38.Ra1 b2 39.Rb1 Rb3 40.Kf1 Kf7 41.Ke1 Kf6 42.Kd1 Kf5 43.Kc2 Rf3
44.Rf1 Ke4 45.Kxb2 Kd3 46.d5 exd5 47.Rd1+ Ke2 48.Rxd5 Rxf2 49.Kc3 g5 50.Rd6 h5
51.Rd5 h4 52.Rd2+ Ke3 53.Rd3+ Ke2 54.Rd2+ Ke1 55.Rxf2 Kxf2 56.gxh4 gxh4 57.Kd2 h3
58.Kd1 Kf1 59.Kd2 Kf2 60.Kd1 Kg2 61.Ke1 Kg1 62.Ke2 Kg2 63.Ke1 Kxh2 64.Kf1 Kh1
65.Kf2 Kh2 66.Kf1 Kg3  1/2-1/2

[Event "19th Belgrade Trophy"]
[Site "Belgrade SRB"]
[Date "2006.11.27"]
[Round "6"]
[White "Damjanovic,D"]
[Black "Stojanovic,Da"]
[Result "1/2-1/2"]
[WhiteElo "2276"]
[BlackElo "2469"]

1.d4 Nf6 2.c4 e6 3.Nc3 Bb4 4.Qc2 O-O 5.a3 Bxc3+ 6.Qxc3 Ne4 7.Qc2 f5 8.Nf3 b6
9.g3 Bb7 10.Bg2 Nf6 11.O-O Be4 12.Qc3 Qe8 13.Ne1 d6 14.f3 Bb7 15.Nd3 c5 16.dxc5 bxc5
17.b4 cxb4 18.axb4 e5 19.Be3 a6 20.c5 e4 21.Nf4 g5 22.Bd4 gxf4 23.Bxf6 Nd7
24.Bd4 dxc5 25.bxc5 Qe6 26.fxe4 Bxe4 27.Rxf4 Bxg2 28.Kxg2 Rac8 29.Qd3 Rc6
30.h3 Qd5+ 31.Kh2 Nxc5 32.Bxc5 Qxd3 33.exd3 Rxc5 34.Rxa6 Rc2+ 35.Kg1 Rd8
36.Ra3 Rd2 37.Rf3 Rc8 38.Rf2 Rcc2 39.Rxd2 Rxd2 40.Kf1 Kf7 41.Ke1 Rg2 42.d4 Ke6
43.Kf1 Rh2 44.Ra6+ Kd5 45.Rh6 Ke4 46.Rxh7 Kf3 47.Ke1 Ke3 48.Kf1  1/2-1/2

[Event "FSGM December"]
[Site "Budapest HUN"]
[Date "2006.12.06"]
[Round "5"]
[White "Hoang Thanh Trang"]
[Black "Smith,Bry"]
[Result "1-0"]
[WhiteElo "2470"]
[BlackElo "2390"]

1.d4 e6 2.c4 Nf6 3.Nc3 Bb4 4.Qc2 O-O 5.a3 Bxc3+ 6.Qxc3 Ne4 7.Qc2 f5 8.Nh3 d6
9.f3 Nf6 10.e3 e5 11.dxe5 dxe5 12.Nf2 Qe7 13.Bd3 e4 14.fxe4 fxe4 15.Bxe4 Nxe4
16.Qxe4 Qxe4 17.Nxe4 Nc6 18.Bd2 Ne5 19.b3 Nd3+ 20.Ke2 Bg4+ 21.Kxd3 Bf5 22.Rhf1 Rfd8+
23.Kc3 Bxe4 24.Rf2 Rd3+ 25.Kb2 Rad8 26.Bb4 Rxe3 27.Rd1 Red3 28.Rxd3 Bxd3
29.Rd2 b6 30.Kc3 a5 31.Bxa5 bxa5 32.Rxd3 Rf8 33.c5 Rf2 34.Rd2 Rxd2 35.Kxd2 Kf7
36.Kd3 Ke6 37.Kc4 c6 38.b4  1-0

[Event "ch-ROM"]
[Site "Predeal ROM"]
[Date "2006.12.07"]
[Round "11"]
[White "Grigore,Ge"]
[Black "Berescu,A"]
[Result "0-1"]
[WhiteElo "2480"]
[BlackElo "2485"]

1.d4 e6 2.c4 Nf6 3.Nc3 Bb4 4.Qc2 O-O 5.a3 Bxc3+ 6.Qxc3 b6 7.Bg5 d6 8.e3 Nbd7
9.Nf3 c5 10.Nd2 Ba6 11.dxc5 bxc5 12.Bd3 h6 13.Bh4 d5 14.cxd5 Bxd3 15.dxe6 Nb6
16.e7 Qxe7 17.Qxd3 g5 18.Bg3 Rad8 19.Qc2 Ng4 20.O-O h5 21.h3 Nxe3 22.fxe3 Qxe3+
23.Rf2 Qxg3 24.Ne4 Qd3 25.Nf6+ Kh8 26.Qxc5 Nd5 27.Nxd5 Qxd5 28.Qxa7 f5 29.Qe3 f4
30.Qe2 h4 31.Re1 Kg7 32.b4 Rfe8 33.Qb2+ Kg6 34.Qc2+ Kh6 35.Rxe8 Rxe8 36.Rd2 Qe5
37.Qd1 Re6 38.Rd3 Qc7 39.Kh1 Qe7 40.Kh2 Qc7 41.Rd7 Qe5 42.Qd4 Qxd4 43.Rxd4 Re2
44.b5 f3 45.Kg1 Rxg2+ 46.Kf1 Ra2 47.a4 Rb2 48.Rc4 Kg6 49.a5 Rxb5 50.Ra4 Rb7
51.a6 Ra7 52.Kf2  0-1

[Event "6th Amplico AIG Life"]
[Site "Warsaw POL"]
[Date "2006.12.16"]
[Round "4"]
[White "Socko,M"]
[Black "Aleksandrov,A"]
[Result "0-1"]
[WhiteElo "2473"]
[BlackElo "2619"]

1.d4 Nf6 2.c4 e6 3.Nc3 Bb4 4.Qc2 O-O 5.a3 Bxc3+ 6.Qxc3 b6 7.Nf3 Bb7 8.Bg5 d6
9.e3 Nbd7 10.Nd2 a5 11.f3 a4 12.Be2 c5 13.O-O Qe7 14.Rfe1 Rfc8 15.Rac1 Nf8
16.e4 e5 17.d5 Re8 18.Qc2 Bc8 19.Nf1 h6 20.Be3 Nh5 21.Ng3 Nf4 22.Bf1 Qf6
23.Rb1 Bd7 24.Qd2 Reb8 25.Bxf4 Qxf4 26.Qxf4 exf4 27.Nf5 Bxf5 28.exf5 g5 29.Re7 Rd8
30.Rc7 Nd7 31.Rc6 Ne5 32.Rxb6 Kg7 33.Kf2 Kf6 34.g4 fxg3+ 35.hxg3 Kxf5 36.Be2 h5
37.Rh1 Rab8 38.Rxb8 Rxb8 39.Rxh5 Rxb2 40.Ke1 Rb3 41.f4 Nf3+ 42.Kf2 Nd4 43.Rxg5+ Kf6
44.Bd1 Rxa3 45.Rh5 Ra1 46.Bg4 a3 47.Rh8 Rb1 48.Ra8 Rb2+ 49.Ke3 a2 50.Bd1 Rb1  0-1

[Event "15th Donau Open"]
[Site "Aschach an der Donau AUT"]
[Date "2006.12.27"]
[Round "2"]
[White "Dietmayer Kraeutler,M"]
[Black "Sakelsek,T"]
[Result "0-1"]
[WhiteElo "2212"]
[BlackElo "2418"]

1.d4 Nf6 2.c4 e6 3.Nc3 Bb4 4.Qc2 O-O 5.Nf3 b6 6.e3 Bb7 7.Bd3 c5 8.a3 Bxc3+
9.Qxc3 cxd4 10.exd4 d5 11.b3 a5 12.O-O a4 13.bxa4 dxc4 14.Qxc4 Ba6 15.Qb3 Bxd3
16.Qxd3 Rxa4 17.Rb1 Nbd7 18.Rb3 Nd5 19.Bb2 Qa8 20.Rb1 Rc8 21.g3 Rac4 22.Nd2 R4c6
23.Ne4 N7f6 24.f3 h6 25.Rf1 Nh7 26.Rf2 f5 27.Nd2 Nhf6 28.Re2 g5 29.Nf1 g4
30.Ne3 gxf3 31.Nxd5 Rc1+ 32.Bxc1 Rxc1+ 33.Re1 Rxe1+ 34.Kf2 Re2+ 35.Qxe2 fxe2
36.Nxf6+ Kf7 37.Nd7 e1=Q+ 38.Kxe1 Qe4+ 39.Kf1 Qxd4  0-1

[Event "15th Donau Open"]
[Site "Aschach an der Donau AUT"]
[Date "2006.12.27"]
[Round "3"]
[White "Rusev,K"]
[Black "Jurek,J"]
[Result "1/2-1/2"]
[WhiteElo "2409"]
[BlackElo "2384"]

1.d4 e6 2.c4 Nf6 3.Nc3 Bb4 4.Qc2 O-O 5.a3 Bxc3+ 6.Qxc3 b6 7.Bg5 Bb7 8.e3 d6
9.Ne2 Nbd7 10.Qc2 c5 11.dxc5 bxc5 12.Nc3 Qa5 13.O-O-O d5 14.Be2 d4 15.exd4 cxd4
16.Bxf6 Nxf6  1/2-1/2